00282nam a22001217a 4500020001800000082001200018100002000030245003800050250000600088260002200094300000900116650003500125 a9788131503294 a543 SKO aSkoog Douglas.A aPriciples of Intrumental Analysis a6 aNew YorkbThomson a1039 aChemistrya Analysis Chemistry